| 000 | 00707cam a22002293a 4500 | ||
|---|---|---|---|
| 001 | 23496 | ||
| 003 | PGUSA | ||
| 005 | 20140828083512.0 | ||
| 008 | 071115s2007||||xxu|||||s|||||000 | eng d | ||
| 040 |
_aPGUSA _beng |
||
| 042 | _adc | ||
| 050 | 4 | _aDA | |
| 100 | 1 |
_aKingston, William Henry Giles, _d1814-1880 |
|
| 245 | 1 | 0 |
_aHow Britannia Came to Rule the Waves : _bUpdated to 1900 _h[electronic resource] / _cWilliam Henry Giles Kingston |
| 260 |
_bProject Gutenberg, _c2007 |
||
| 506 | _aPublic domain in the USA. | ||
| 516 | _aElectronic text | ||
| 653 | _aGreat Britain. Royal Navy -- History | ||
| 830 | 0 |
_aProject Gutenberg _v23496 |
|
| 856 | 4 | 0 | _uhttp://www.gutenberg.org/ebooks/23496 |
| 942 | _cEB | ||
| 999 |
_c252751 _d252751 |
||